[Event "Titled Tuesday intern op 21st May Early"]
[White "Mejia, Cherry Ann"]
[Black "Nusrat Jahan, Alo"]
[Site "Chess.com INT"]
[Round "10"]
[Result "1-0"]
[Date "2024.05.21"]
[WhiteElo "1964"]
[BlackElo "1849"]
[PlyCount "49"]
[EventDate "2024.05.21"]
[EventType "swiss (blitz)"]
[EventRounds "11"]
[EventCountry "USA"]
[SourceTitle "CBM 220 Extra"]
[Source "ChessBase"]
[SourceDate "2024.07.31"]
[SourceVersion "1"]
[SourceVersionDate "2024.07.31"]
[SourceQuality "1"]

1. e4 c5 2. Nf3 e6 3. c4 Nc6 4. d4 cxd4 5. Nxd4 a6 6. Nc3 Qc7 7. Be3 Nf6 8. Be2 b6 9. 0-0 Bb7 10. f3 Bc5 11. Qd2 Nxd4 12. Bxd4 Bxd4+ 13. Qxd4 d6 14. Rfd1 Rd8 15. Na4 0-0 16. Qxb6 Qxb6+ 17. Nxb6 d5 18. cxd5 exd5 19. exd5 Rd6 20. Na4 Rxd5 21. Rxd5 Nxd5 22. Nc5 Re8 23. Bxa6 Bxa6 24. Nxa6 Re2 25. Rd1 1-0

[Event "Titled Tuesday intern op 21st May Early"]
[White "Thomas, Anysia"]
[Black "Nusrat Jahan, Alo"]
[Site "Chess.com INT"]
[Round "6"]
[Result "1-0"]
[Date "2024.05.21"]
[WhiteElo "2167"]
[BlackElo "1849"]
[PlyCount "101"]
[EventDate "2024.05.21"]
[EventType "swiss (blitz)"]
[EventRounds "11"]
[EventCountry "USA"]
[SourceTitle "CBM 220 Extra"]
[Source "ChessBase"]
[SourceDate "2024.07.31"]
[SourceVersion "1"]
[SourceVersionDate "2024.07.31"]
[SourceQuality "1"]

1. Nf3 d5 2. g3 c5 3. Bg2 Nc6 4. d4 e6 5. 0-0 Nf6 6. c4 cxd4 7. cxd5 Nxd5 8. Nxd4 Nxd4 9. Qxd4 Be7 10. Qxg7 Bf6 11. Qg4 Qb6 12. Qa4+ Bd7 13. Qb3 Bc6 14. e4 Qxb3 15. axb3 Nb4 16. Nc3 Nd3 17. Rd1 Rd8 18. Bf1 Nxc1 19. Raxc1 Rxd1 20. Rxd1 Bxc3 21. bxc3 Bxe4 22. Rd4 Bc6 23. Bc4 Ke7 24. f4 Rd8 25. Rxd8 Kxd8 26. Kf2 Ke7 27. Ke3 Kf6 28. Kd4 Kf5 29. Bd3+ Kg4 30. Bxh7 f6 31. Bg8 Kh3 32. Bxe6+ Kxh2 33. g4 Kg3 34. g5 fxg5 35. fxg5 Kf4 36. g6 Be4 37. g7 Bh7 38. g8Q Bxg8 39. Bxg8 Kf5 40. Bd5 Kf6 41. Bxb7 Ke7 42. Kc5 Kd7 43. b4 Kc7 44. Be4 Kc8 45. Kc6 Kb8 46. c4 Kc8 47. Kb5 Kc7 48. Ka6 Kb8 49. c5 Kc8 50. Kxa7 Kc7 51. b5 1-0

[Event "BAN-ch (Women)"]
[White "Nusrat Jahan, Alo"]
[Black "Wadifa, Ahmed"]
[Site "Dhaka"]
[Round "1"]
[Result "0-1"]
[Date "2024.05.20"]
[WhiteElo "1849"]
[BlackElo "1920"]
[PlyCount "158"]
[EventDate "2024.05.20"]
[EventType "tourn"]
[EventRounds "11"]
[EventCountry "BAN"]
[SourceTitle "CBM 220 Extra"]
[Source "ChessBase"]
[SourceDate "2024.07.31"]
[SourceVersion "1"]
[SourceVersionDate "2024.07.31"]
[SourceQuality "1"]

1. e4 c5 2. Nf3 e6 3. c3 d5 4. exd5 exd5 5. d4 Nf6 6. Bb5+ Bd7 7. Bxd7+ Nbxd7 8. 0-0 Be7 9. Re1 0-0 10. Nbd2 Re8 11. Nf1 c4 12. Bf4 Nh5 13. Bg3 Nxg3 14. hxg3 b5 15. Ne3 Nb6 16. Ne5 Bf8 17. Qg4 g6 18. f4 Bg7 19. Qf3 f6 20. Nc6 Qd6 21. Nb4 Rad8 22. f5 a5 23. Nbc2 Re4 24. Ng4 Rde8 25. Nf2 Rxe1+ 26. Rxe1 Rxe1+ 27. Nxe1 b4 28. g4 Bf8 29. Nd1 Qe7 30. Kf2 Qd6 31. Qe3 Kf7 32. fxg6+ hxg6 33. g5 Qe6 34. Nf3 Bd6 35. b3 Qf5 36. Qd2 Bf4 37. Ne3 Bxe3+ 38. Kxe3 fxg5 39. cxb4 Qf4+ 40. Ke2 Qxd2+ 41. Kxd2 axb4 42. Ne5+ Kf6 43. Nc6 Kf5 44. Nxb4 Kg4 45. bxc4 Nxc4+ 46. Ke2 Kg3 47. Nxd5 Kxg2 48. Ne3+ Nxe3 49. Kxe3 g4 50. d5 g3 51. d6 Kh3 52. d7 g2 53. d8Q g1Q+ 54. Kf4 Qf2+ 55. Ke4 Qe2+ 56. Kf4 Qc4+ 57. Kf3 Qf7+ 58. Ke3 Qe6+ 59. Kf3 Qf5+ 60. Ke3 Qe5+ 61. Kf3 Qg3+ 62. Ke4 Qg2+ 63. Kf4 Qf2+ 64. Ke4 Qf5+ 65. Ke3 g5 66. a4 Qf4+ 67. Ke2 g4 68. Qd5 g3 69. Qh1+ Kg4 70. Qg2 Qc4+ 71. Ke3 Qb3+ 72. Kd4 Qxa4+ 73. Ke3 Qb3+ 74. Kd4 Qb6+ 75. Kd3 Qd6+ 76. Ke2 Qe6+ 77. Kd3 Qb3+ 78. Kd4 Qf3 79. Qc2 Qf2+ 0-1

[Event "Dhaka (Women) op 14th"]
[White "Nusrat Jahan, Alo"]
[Black "Wadifa, Ahmed"]
[Site "Dhaka"]
[Round "9"]
[Result "1-0"]
[Date "2024.05.13"]
[WhiteElo "1849"]
[BlackElo "1920"]
[PlyCount "69"]
[EventDate "2024.05.05"]
[EventType "swiss"]
[EventRounds "9"]
[EventCountry "BAN"]
[SourceTitle "CBM 220 Extra"]
[Source "ChessBase"]
[SourceDate "2024.07.31"]
[SourceVersion "1"]
[SourceVersionDate "2024.07.31"]
[SourceQuality "1"]

1. d4 d5 2. Bf4 Nf6 3. Nf3 e6 4. e3 c5 5. c3 Nc6 6. Nbd2 Nh5 7. Be5 f6 8. Bg3 g6 9. Be2 Be7 10. dxc5 Bxc5 11. Nb3 Bd6 12. Nfd4 Nxg3 13. hxg3 Nxd4 14. exd4 Kf7 15. Qd2 Bd7 16. g4 b5 17. Nc5 Bxc5 18. dxc5 a5 19. b4 axb4 20. cxb4 Ra4 21. Bd1 Ra3 22. Bb3 Bc6 23. Rd1 Qc7 24. 0-0 h5 25. g5 Qe7 26. Rfe1 f5 27. Qb2 Rha8 28. Bxd5 Bxd5 29. Rxd5 Rxa2 30. Qd4 R2a7 31. Rd6 Re8 32. f4 h4 33. c6 Rc7 34. Qe5 Ra7 35. Red1 1-0

[Event "Titled Tuesday intern op 30th Apr Early"]
[White "Nusrat Jahan, Alo"]
[Black "Aakash, G2."]
[Site "Chess.com INT"]
[Round "9"]
[Result "0-1"]
[Date "2024.04.30"]
[WhiteElo "1873"]
[BlackElo "2241"]
[PlyCount "56"]
[EventDate "2024.04.30"]
[EventType "swiss (blitz)"]
[EventRounds "11"]
[EventCountry "USA"]
[SourceTitle "CBM 220 Extra"]
[Source "ChessBase"]
[SourceDate "2024.07.31"]
[SourceVersion "1"]
[SourceVersionDate "2024.07.31"]
[SourceQuality "1"]

1. e4 e6 2. d4 d5 3. e5 c5 4. c3 Nc6 5. Nf3 Qb6 6. a3 Bd7 7. b4 cxd4 8. cxd4 Rc8 9. Be2 Nge7 10. 0-0 Nf5 11. Bb2 Na5 12. Nbd2 Nc4 13. Nxc4 dxc4 14. d5 c3 15. dxe6 Bxe6 16. Bc1 Be7 17. Qc2 0-0 18. Bf4 Rfd8 19. Bd3 g6 20. Rac1 a5 21. Rfd1 axb4 22. axb4 Qxb4 23. Rb1 Qxf4 24. Rxb7 Bd5 25. Bxf5 Bxb7 26. Bxc8 Rxc8 27. Rd7 Be4 28. Qa2 Qc1+ 0-1

[Event "Titled Tuesday intern op 09th Apr Early"]
[White "Nusrat Jahan, Alo"]
[Black "Porozhniak, Maya"]
[Site "Chess.com INT"]
[Round "9"]
[Result "0-1"]
[Date "2024.04.09"]
[WhiteElo "1873"]
[BlackElo "1930"]
[PlyCount "116"]
[EventDate "2024.04.09"]
[EventType "swiss (blitz)"]
[EventRounds "11"]
[EventCountry "USA"]
[SourceTitle "EXT 2025"]
[Source "ChessBase"]
[SourceDate "2024.10.14"]
[SourceVersion "1"]
[SourceVersionDate "2024.10.14"]
[SourceQuality "1"]

1. e4 c5 2. Nf3 e6 3. b3 a6 4. Bb2 Qc7 5. d4 cxd4 6. Nxd4 Nf6 7. Bd3 Be7 8. 0-0 0-0 9. Nd2 d6 10. c4 Nc6 11. N2f3 Rd8 12. Qc2 Nb4 13. Qc3 Nxd3 14. Qxd3 Bd7 15. Rfe1 Nh5 16. e5 dxe5 17. Nxe5 Bd6 18. Nef3 Nf4 19. Qc3 e5 20. Ne2 Ng6 21. Rad1 Bg4 22. Ng3 f6 23. Ne4 Be7 24. h3 Bf5 25. Ng3 Be6 26. Rd2 Rxd2 27. Nxd2 Nf4 28. Rd1 Rd8 29. Qf3 Rd3 30. Qe4 Qd8 31. Ngf1 Bf7 32. Qxb7 a5 33. Qb5 Bb4 34. Bc1 Ne2+ 35. Kh1 Nxc1 36. Rxc1 Bxd2 37. Rd1 Bb4 38. Rxd3 Qxd3 39. Qb8+ Bf8 40. Ng3 Qb1+ 41. Kh2 h5 42. Ne2 Qxa2 43. Ng3 Qxf2 44. Qa8 Qf4 45. Qf3 Qxf3 46. gxf3 a4 47. bxa4 Bxc4 48. Nxh5 Bb4 49. Ng3 Bb3 50. Ne4 Bxa4 51. Nf2 Bc6 52. Kg3 Be1 53. Kg2 Bxf2 54. Kxf2 Kf7 55. Ke3 Kg6 56. f4 e4 57. Kf2 Kf5 58. Kg3 e3 0-1

[Event "Asia zt 3.2 (Women)"]
[White "Nusrat Jahan, Alo"]
[Black "Hamid, Rani"]
[Site "Dhaka"]
[Round "7"]
[Result "1/2-1/2"]
[Date "2023.05.08"]
[WhiteElo "1785"]
[BlackElo "1800"]
[PlyCount "90"]
[EventDate "2023.05.02"]
[EventType "tourn"]
[EventRounds "9"]
[EventCountry "BAN"]
[SourceTitle "CBM 215 Extra"]
[Source "ChessBase"]
[SourceDate "2023.09.30"]
[SourceVersion "1"]
[SourceVersionDate "2023.09.30"]
[SourceQuality "1"]

1. e4 c5 2. Nf3 e6 3. Nc3 a6 4. b3 Qc7 5. Bb2 Nc6 6. d4 cxd4 7. Nxd4 Nf6 8. Qd2 Bb4 9. f3 d5 10. Nxc6 bxc6 11. a3 Bd6 12. g3 dxe4 13. 0-0-0 Be7 14. Nxe4 Nxe4 15. fxe4 e5 16. Bc4 0-0 17. Qe2 a5 18. a4 Kh8 19. Qh5 f6 20. Rd3 Ba6 21. Rhd1 Bxc4 22. Rd7 Qb6 23. Rxe7 Qe3+ 24. Kb1 Be2 25. Re1 Qc5 26. Qxe2 Qxe7 27. g4 Rfd8 28. Bc3 Qe6 29. h4 c5 30. g5 c4 31. gxf6 gxf6 32. Ka2 cxb3+ 33. cxb3 Rab8 34. Qb2 Rd3 35. Rf1 Qh3 36. Rc1 Qg3 37. Rc2 Qf4 38. Rf2 Qxe4 39. Rxf6 Re3 40. Rf2 Qd5 41. Rf5 Re8 42. Qf2 Rxc3 43. Rf8+ Rxf8 44. Qxf8+ Qg8 45. Qf6+ Qg7 1/2-1/2

[Event "Asia zt 3.2 (Women)"]
[White "Nusrat Jahan, Alo"]
[Black "Nihaya, Ahmed"]
[Site "Dhaka"]
[Round "1"]
[Result "1-0"]
[Date "2023.05.02"]
[WhiteElo "1785"]
[BlackElo "1321"]
[PlyCount "107"]
[EventDate "2023.05.02"]
[EventType "tourn"]
[EventRounds "9"]
[EventCountry "BAN"]
[SourceTitle "CBM 215 Extra"]
[Source "ChessBase"]
[SourceDate "2023.09.30"]
[SourceVersion "1"]
[SourceVersionDate "2023.09.30"]
[SourceQuality "1"]

1. e4 d6 2. d4 Nf6 3. Nc3 g6 4. Bd3 Bg7 5. Nge2 0-0 6. f3 Nc6 7. Be3 e5 8. d5 Ne7 9. Nb1 Ne8 10. c4 f5 11. Nd2 f4 12. Bf2 g5 13. Rc1 Ng6 14. h3 h5 15. c5 Nf6 16. cxd6 cxd6 17. Nc3 a6 18. Na4 b5 19. Nb6 Rb8 20. Nxc8 Rxc8 21. b4 Qd7 22. Ke2 g4 23. hxg4 hxg4 24. Nb3 g3 25. Bb6 Qb7 26. Ba5 Qa7 27. Qg1 Qd7 28. Qb6 Rxc1 29. Rxc1 Rc8 30. Rxc8+ Qxc8 31. Qc6 Ne7 32. Qxd6 Qc3 33. Qxe7 Qb2+ 34. Nd2 Qd4 35. Qc5 Qb2 36. Bc7 Kh7 37. d6 Nd7 38. Qa7 Qxb4 39. Bb8 Nxb8 40. Qxb8 Qd4 41. Qd8 Qf2+ 42. Kd1 Qxg2 43. Bf1 Qg1 44. Qh4+ Bh6 45. d7 g2 46. d8Q gxf1Q+ 47. Nxf1 Qxf1+ 48. Kd2 Qg2+ 49. Kc3 Qxf3+ 50. Qd3 b4+ 51. Kc4 Qg2 52. Qd7+ Kg8 53. Qhg4+ Qxg4 54. Qxg4+ 1-0

[Event "BAN-ch (Women)"]
[White "Hamid, Rani"]
[Black "Nusrat Jahan, Alo"]
[Site "Dhaka"]
[Round "2"]
[Result "1/2-1/2"]
[Date "2022.11.18"]
[WhiteElo "1760"]
[BlackElo "1710"]
[PlyCount "147"]
[EventDate "2022.11.17"]
[EventType "tourn"]
[EventRounds "11"]
[EventCountry "BAN"]
[SourceTitle "CBM 211 Extra"]
[Source "ChessBase"]
[SourceDate "2023.01.31"]
[SourceVersion "1"]
[SourceVersionDate "2023.01.31"]
[SourceQuality "1"]

1. e4 c6 2. d4 d5 3. e5 Bf5 4. Nf3 e6 5. c4 Bxb1 6. Rxb1 Qa5+ 7. Bd2 Qxa2 8. c5 b5 9. Bd3 Qa6 10. 0-0 g6 11. Ng5 Qb7 12. f4 Ne7 13. Rf3 h6 14. Rh3 Bg7 15. Nf3 Nd7 16. Ba5 Nf5 17. Qe2 a6 18. Ra1 Nf8 19. g4 Ne7 20. Be1 0-0-0 21. Nd2 Nd7 22. Bc2 Nb8 23. Rha3 Qd7 24. Nf1 f5 25. Ne3 g5 26. gxf5 exf5 27. Ng2 Qe6 28. Bg3 Rd7 29. Bd3 Ra7 30. Be1 Ng6 31. Qc2 Rf7 32. Bg3 Bf8 33. Rf1 Ne7 34. Ne3 Rg8 35. Kh1 g4 36. Bh4 Kb7 37. Bxe7 Qxe7 38. Nxf5 Qd8 39. Ng3 Be7 40. Bg6 Rff8 41. f5 Bh4 42. Qe2 Qg5 43. e6 Qf6 44. Qxg4 Bg5 45. Re1 Qe7 46. Re2 a5 47. Rxa5 Na6 48. Ra3 Nc7 49. Bf7 Rh8 50. b4 Ra8 51. Rea2 Rxa3 52. Rxa3 Na6 53. Qd1 Ra8 54. Qb1 Qf6 55. Qa1 Bf4 56. Qf1 Bg5 57. Ne2 Rf8 58. Qb1 Ra8 59. Bg6 Bd2 60. Rb3 Qh4 61. Ng3 Bxb4 62. Qf1 Qxd4 63. e7 Nc7 64. f6 Bxc5 65. Rb1 Qh4 66. e8Q Nxe8 67. Bxe8 Rxe8 68. Rxb5+ cxb5 69. Qxb5+ Bb6 70. Qxe8 Qxf6 71. Qd7+ Ka6 72. Qxd5 Qf2 73. Qd1 Qe3 74. Qe2+ 1/2-1/2